Science Quiz

Random Science or Geology Quiz

Pick the Gemstone Quiz Stats

 Plays Quiz Updated Jun 2, 2018

Score 0/12 Timer 01:00
4 Plays Today
% Correct
Diamond
97.3%
Ruby
96.7%
Pearl
96.2%
Emerald
94%
Sapphire
89.3%
Turquoise
85.7%
Amber
78.4%
Lapis Lazuli
75.7%
Topaz
69.8%
Peridot
68%
Jasper
62.8%
Tourmaline
56.2%

You're not logged in!

Compare scores with friends on all Sporcle quizzes.
Join for Free
OR
Log In

You Might Also Like...

Show Comments

Extras

Top Quizzes Today


Score Distribution

Your Account Isn't Verified!

In order to create a playlist on Sporcle, you need to verify the email address you used during registration. Go to your Sporcle Settings to finish the process.

Report this User

Report this user for behavior that violates our Community Guidelines.

Details: